[Event "Novosibirsk Seniors op"]
[Site "Novosibirsk"]
[Date "2010.09.27"]
[Round "3"]
[White "Kuryshev, Alexander"]
[Black "Mitkovsky, Semen"]
[Result "1-0"]
[WhiteElo "1993"]
[BlackElo "1835"]
[PlyCount "97"]
[EventDate "2010.09.24"]
[EventType "swiss"]
[EventRounds "9"]
[EventCountry "RUS"]
[SourceTitle "EXT 2014"]
[Source "ChessBase"]
[SourceDate "2013.11.20"]
[SourceVersion "1"]
[SourceVersionDate "2013.11.20"]
[SourceQuality "1"]

1. e4 c5 2. d3 e5 3. f4 Nc6 4. Nf3 d6 5. c3 Be7 6. Be2 Nf6 7. Na3 a6 8. 0-0 b5 9. Nc2 0-0 10. Qe1 Qc7 11. h3 d5 12. fxe5 Nxe5 13. Nxe5 Qxe5 14. Bf4 Qe6 15. e5 Ne8 16. d4 cxd4 17. cxd4 Qb6 18. Qd2 Be6 19. Rf3 Rc8 20. Rc3 Rxc3 21. bxc3 f6 22. Bd3 fxe5 23. Bxe5 Bf6 24. Re1 Bxe5 25. Rxe5 Nf6 26. Qe3 Bf7 27. Bf5 a5 28. Ne1 b4 29. Nf3 h6 30. cxb4 axb4 31. Bc2 Rc8 32. Qd3 Rc3 33. Qf5 Qc6 34. Bb3 g6 35. Qf4 Kg7 36. Re7 Rc1+ 37. Kh2 Rf1 38. Rxf7+ Kxf7 39. Ne5+ Kg7 40. Qxf1 Qd6 41. Bc2 Qe6 42. Bxg6 Ne4 43. Bxe4 dxe4 44. Qf4 Qxa2 45. Qxe4 Qa6 46. Qf5 Qd6 47. Qf7+ Kh8 48. Kh1 b3 49. Ng6+ 1-0

[Event "Novosibirsk Seniors op"]
[Site "Novosibirsk"]
[Date "2010.09.24"]
[Round "1"]
[White "Kuzin, Vladimir"]
[Black "Mitkovsky, Semen"]
[Result "1-0"]
[WhiteElo "2027"]
[BlackElo "1835"]
[PlyCount "113"]
[EventDate "2010.09.24"]
[EventType "swiss"]
[EventRounds "9"]
[EventCountry "RUS"]
[SourceTitle "EXT 2014"]
[Source "ChessBase"]
[SourceDate "2013.11.20"]
[SourceVersion "1"]
[SourceVersionDate "2013.11.20"]
[SourceQuality "1"]

1. e4 c5 2. Qe2 e5 3. g3 Nc6 4. c3 Nf6 5. Bg2 Be7 6. d3 d6 7. h3 h6 8. Be3 a6 9. a4 Bd7 10. Nd2 0-0 11. Ngf3 d5 12. exd5 Nxd5 13. 0-0 Nxe3 14. Qxe3 Qc7 15. Rfe1 f6 16. Nh4 Be6 17. Ng6 Rf7 18. Ne4 b6 19. a5 Rd8 20. axb6 Qxb6 21. Nxe7+ Rxe7 22. Qxc5 Qxc5 23. Nxc5 Nb8 24. f4 Bc8 25. d4 Rde8 26. fxe5 fxe5 27. d5 Rd8 28. b4 g5 29. c4 Kg7 30. g4 Rd6 31. Nd3 Kf6 32. Rf1+ Kg7 33. Rae1 Rf6 34. Nxe5 Rxf1+ 35. Kxf1 Kf6 36. Nd3 Rxe1+ 37. Kxe1 Nd7 38. c5 Ne5 39. Nf2 Ke7 40. Ke2 Bd7 41. Ke3 Bb5 42. Kd4 Ng6 43. Be4 Nf4 44. Ke5 Ba4 45. c6 Bb5 46. Bf5 Ne2 47. c7 Bd7 48. c8Q Bxc8 49. Bxc8 Nf4 50. Bxa6 Ng6+ 51. Kd4 Nf4 52. Kc5 Kd8 53. Kd6 Ng6 54. b5 Nf8 55. b6 Nd7 56. b7 Nb8 57. Bb5 1-0

[Event "Novosibirsk-ch Seniors op"]
[Site "Novosibirsk"]
[Date "2008.09.25"]
[Round "1"]
[White "Chesnokov, Gennady"]
[Black "Mitkovsky, Semen"]
[Result "1/2-1/2"]
[WhiteElo "2003"]
[BlackElo "1820"]
[PlyCount "51"]
[EventDate "2008.09.25"]
[EventType "swiss"]
[EventRounds "9"]
[EventCountry "RUS"]
[SourceTitle "EXT 2022"]
[Source "ChessBase"]
[SourceDate "2021.10.06"]
[SourceVersion "1"]
[SourceVersionDate "2021.10.06"]
[SourceQuality "1"]

1. e4 c5 2. f4 Nc6 3. Nf3 e6 4. Bb5 d6 5. Bxc6+ bxc6 6. d3 Nf6 7. 0-0 Be7 8. c4 0-0 9. Nc3 Bb7 10. e5 Nd7 11. exd6 Bxd6 12. Ne4 Be7 13. Be3 Qc7 14. Qe2 Rad8 15. Rad1 Bc8 16. Qf2 Qa5 17. b3 f5 18. Neg5 Nf6 19. Ne5 Qc7 20. Bxc5 Bd6 21. Bxd6 Rxd6 22. h3 h6 23. Ngf3 c5 24. Qe3 Rfd8 25. Kh2 Bb7 26. Rfe1 1/2-1/2